Statistiques concernant Buffy contre les Vampires

Cliquez ici pour prendre le quiz!

Statistiques générales

  • Ce quiz a été pris 247 fois
  • Le résultat moyen est 13 sur 15

Statistiques - réponses

QuestionsRéponses% Correct
La TueuseBuffy
100%
Sorcière et amie de la TueuseWillow
99%
Nombre de saisons7
98%
Premier amour de la TueuseAngel
98%
Meilleur ami de la TueuseAlex
95%
Loup garou guitaristeOz
95%
Petite soeur de la TueuseDawn
92%
Ville de la sérieSunnydale
92%
Ancienne démone vengeresseAnya
91%
Première petite amie de WillowTara
91%
Première petite amie d'AlexCordélia
89%
Soldat de l'InitiativeRiley
86%
Observateur de la TueuseRupert Giles
71%
Créateur de la sérieJoss Whedon
68%
Surnom du groupe d'amiScooby Gang
68%

Distribution des résultats

Percentile par nombre de réponses

% des personnes avec chaque résultat

Votre développement - résultats

Vous n’avez pas pris ce quiz